MARC details
| 000 -CABECERA |
| campo de control de longitud fija |
02407nam a22002177a 4500 |
| 008 - DATOS DE LONGITUD FIJA--INFORMACIÓN GENERAL |
| campo de control de longitud fija |
251002b |||||||| |||| 00| 0 eng d |
| 020 ## - NÚMERO INTERNACIONAL ESTÁNDAR DEL LIBRO |
| Número Internacional Estándar del Libro |
9781398620469 |
| 040 ## - FUENTE DE LA CATALOGACIÓN |
| Centro/agencia transcriptor |
tbs |
| 041 ## - CÓDIGO DE LENGUA |
| Código de lengua del texto/banda sonora o título independiente |
eng |
| 050 ## - SIGNATURA TOPOGRÁFICA DE LA BIBLIOTECA DEL CONGRESO |
| Número de clasificación |
HF5429 |
| 100 ## - ENTRADA PRINCIPAL--NOMBRE DE PERSONA |
| Nombre de persona |
Hardcastle, Kate |
| 9 (RLIN) |
25979 |
| Término indicativo de función/relación |
author |
| 245 ## - MENCIÓN DE TÍTULO |
| Título |
The science of shopping |
| Resto del título |
: how psychology and innovation create a winning retail strategy |
| Mención de responsabilidad, etc. |
/ Kate Hardcastle. |
| 300 ## - DESCRIPCIÓN FÍSICA |
| Extensión |
x, 264 pages |
| Otras características físicas |
illustrations, charts (black and white) ; |
| Dimensiones |
24 cm. |
| 505 ## - NOTA DE CONTENIDO CON FORMATO |
| Nota de contenido con formato |
Machine generated contents note: Chapter - 01: The evolution of retail: From high-street store to online marketplace Chapter - 02: The psychology of shopping Chapter - 03:<br/>Mastering the digital landscape of e-commerce Chapter - 04: Redefining retail in the age of technology Chapter - 05: Retail spaces, evolving places Chapter - 06: Roll up, roll up! This<br/>is retail theatre Chapter - 07: The art of shopping perception Chapter - 08: Goldilocks and the pricing strategy: Finding a price point that's just right Chapter - 09: Mastering<br/>promotional strategies to boost sales Chapter - 10: It's time for you to check out... Chapter - 11: Conclusion |
| 520 ## - SUMARIO, ETC. |
| Sumario, etc. |
"In the ever-evolving landscape of retail, understanding the science behind modern shopping habits - both online and offline - has become crucial for success. In this book, global consumer expert and multi-award-winning business consultant Kate Hardcastle delivers a blueprint for the future of retail, exploring the psychological, technological and strategic elements that shape today's retail environment and providing unparalleled insights from some of the world's leading brands such as Erewhon, Selfridges, Aldi and Primark. Exploring every aspect of the consumer decision-making journey, The Science of Shopping includes content on how emotions, perceptions and social factors can drive consumer behaviour as well how to use AI to personalize the shopping experience and the different tricks and tips retailers can use to engage and entice customers. Learn how to find the perfect price point, how to create cohesive shopping environments across all platforms and how you can create immersive experiences that resonate with customers with this practical and insightful guide. |
| 650 #0 - PUNTO DE ACCESO ADICIONAL DE MATERIA--TÉRMINO DE MATERIA |
| Término de materia o nombre geográfico como elemento de entrada |
Retail trade |
| 9 (RLIN) |
6285 |
| 650 #0 - PUNTO DE ACCESO ADICIONAL DE MATERIA--TÉRMINO DE MATERIA |
| Término de materia o nombre geográfico como elemento de entrada |
Consumer behavior |
| 9 (RLIN) |
997 |
| 650 #0 - PUNTO DE ACCESO ADICIONAL DE MATERIA--TÉRMINO DE MATERIA |
| Término de materia o nombre geográfico como elemento de entrada |
Customer relations |
| Subdivisión general |
Technological innovations |
| 9 (RLIN) |
1866 |
| 650 #0 - PUNTO DE ACCESO ADICIONAL DE MATERIA--TÉRMINO DE MATERIA |
| Término de materia o nombre geográfico como elemento de entrada |
Shopping |
| 9 (RLIN) |
28 |
| 942 ## - ELEMENTOS DE ENTRADA AGREGADA (KOHA) |
| Fuente del sistema de clasificación o colocación |
Clasificación de Library of Congress |